00269 a2200121 4500001000700000020000600007040001100013100003800024240003400062245002900096362000900125440001300134166699 a  cMagnum aSanto, Antonio Carlos do Espirito10aHistorias pra boi dormirlpor10aHistorias pra boi dormir0 a1899 1aBagaço